[Event "Turniej Blitza na II Lidze Juniorów 2018"]
[Site "Szczyrk, Poland"]
[Date "????.??.??"]
[Round "9.10"]
[White "Majek, Kacper"]
[Black "Niedbala, Bartlomiej"]
[Result "0-1"]
[TimeControl "3'+2\""]
[WhiteElo "1687"]
[BlackElo "1961"]

1. b3 {[%emt 00:08:33]} c5 {[%emt 00:00:19]} 2. Bb2 {[%emt 00:00:01]} Nc6
{[%emt 00:00:01]} 3. e3 {[%emt 00:00:01]} a6 4. Nf3 Qc7 {[%emt 00:00:05]} 5. d4
{[%emt 00:00:02]} cxd4 {[%emt 00:00:02]} 6. Nxd4 {[%emt 00:00:01]} d5 {[%emt
00:00:02]} 7. Be2 {[%emt 00:00:03]} e5 {[%emt 00:00:05]} 8. Nxc6 {[%emt
00:00:08]} bxc6 {[%emt 00:00:03]} 9. c4 {[%emt 00:00:02]} Be6 10. Nc3 {[%emt
00:00:10]} Rd8 {[%emt 00:00:02]} 11. Qc2 {[%emt 00:00:08]} Nf6 {[%emt
00:00:08]} 12. cxd5 {[%emt 00:00:14]} cxd5 {[%emt 00:00:01]} 13. Rc1 {[%emt
00:00:14]} Qa5 {[%emt 00:00:11]} 14. O-O {[%emt 00:00:06]} Be7 {[%emt
00:00:30]} 15. Rfd1 {[%emt 00:00:18]} O-O {[%emt 00:00:02]} 16. Na4 {[%emt
00:00:06]} Rc8 {[%emt 00:00:26]} 17. Qd3 {[%emt 00:00:15]} d4 {[%emt 00:00:59]}
18. exd4 {[%emt 00:00:10]} e4 {[%emt 00:00:02]} 19. Qxa6 {[%emt 00:00:06]} Qg5
{[%emt 00:00:01]} 20. Bf1 {[%emt 00:00:26]} e3 {[%emt 00:00:14]} 21. Qe2 {[%emt
00:00:14]} exf2+ {[%emt 00:00:04]} 22. Kh1 {[%emt 00:00:12]} Bd6 {[%emt
00:00:13]} 23. Rxc8 {[%emt 00:00:16]} Rxc8 {[%emt 00:00:01]} 24. Qd2 {[%emt
00:00:05]} Bf4 {[%emt 00:00:02]} 25. Qd3 {[%emt 00:00:03]} Bf5 {[%emt
00:00:05]} 26. Qb5 {[%emt 00:00:04]} Ne4 {[%emt 00:00:06]} 27. Rd3 {[%emt
00:00:04]} Ng3+ {[%emt 00:00:05]} 28. Rxg3 {[%emt 00:00:03]} Bxg3 {[%emt
00:00:01]} 29. h3 {[%emt 00:00:12]} Bf4 {[%emt 00:00:03]} 30. d5 {[%emt
00:00:03]} Qg3 {[%emt 00:00:01]} 0-1

[Event "Turniej Blitza na II Lidze Juniorów 2018"]
[Site "Szczyrk, Poland"]
[Date "????.??.??"]
[Round "9.25"]
[White "Binek, Dawid"]
[Black "Poltorak, Sebastian"]
[Result "1-0"]
[TimeControl "3'+2\""]
[WhiteElo "1353"]
[BlackElo "1594"]

1. Nf3 {[%clk 00:03:02]} Nf6 {[%clk 00:03:04]} {[%emt 00:00:02]} 2. d4 {[%clk
00:03:02]} {[%emt 00:00:02]} e6 {[%clk 00:03:05]} {[%emt 00:00:01]} 3. c4
{[%clk 00:03:01]} {[%emt 00:00:03]} Bb4+ {[%clk 00:03:06]} 4. Bd2 {[%clk
00:03:01]} {[%emt 00:00:02]} Qe7 {[%clk 00:03:07]} 5. a3 {[%clk 00:02:56]}
{[%emt 00:00:07]} Bxd2+ {[%clk 00:03:06]} {[%emt 00:00:03]} 6. Qxd2 {[%clk
00:02:56]} {[%emt 00:00:01]} b6 {[%clk 00:03:07]} {[%emt 00:00:02]} 7. Nc3
{[%clk 00:02:53]} {[%emt 00:00:04]} Bb7 {[%clk 00:03:08]} 8. g3 {[%clk
00:02:53]} {[%emt 00:00:02]} d6 {[%clk 00:03:07]} {[%emt 00:00:04]} 9. Bg2
{[%clk 00:02:52]} {[%emt 00:00:02]} O-O {[%clk 00:03:07]} {[%emt 00:00:02]} 10.
O-O {[%clk 00:02:52]} {[%emt 00:00:03]} Nbd7 {[%clk 00:03:08]} {[%emt
00:00:01]} 11. Rfe1 {[%clk 00:02:49]} {[%emt 00:00:04]} e5 {[%clk 00:03:07]}
{[%emt 00:00:04]} 12. e3 {[%clk 00:02:48]} {[%emt 00:00:03]} Rad8 {[%clk
00:02:55]} {[%emt 00:00:14]} 13. Qc2 {[%clk 00:02:28]} {[%emt 00:00:22]} Rfe8
{[%clk 00:02:28]} {[%emt 00:00:28]} 14. Kf1 {[%clk 00:01:59]} {[%emt 00:00:31]}
Ba6 {[%clk 00:02:01]} {[%emt 00:00:29]} 15. b3 {[%clk 00:01:50]} {[%emt
00:00:11]} d5 {[%clk 00:01:51]} {[%emt 00:00:12]} 16. Nd2 {[%clk 00:01:29]}
{[%emt 00:00:24]} e4 {[%clk 00:01:50]} {[%emt 00:00:03]} 17. Kg1 {[%clk
00:01:23]} {[%emt 00:00:08]} c6 {[%clk 00:01:48]} {[%emt 00:00:04]} 18. Na2
{[%clk 00:01:00]} {[%emt 00:00:25]} Bb7 {[%clk 00:01:42]} {[%emt 00:00:08]} 19.
Nb4 {[%clk 00:00:54]} {[%emt 00:00:08]} a5 {[%clk 00:01:43]} 20. Na2 {[%clk
00:00:53]} {[%emt 00:00:03]} Qe6 {[%clk 00:01:28]} {[%emt 00:00:17]} 21. Nc3
{[%clk 00:00:46]} {[%emt 00:00:08]} Rc8 {[%clk 00:01:15]} {[%emt 00:00:16]} 22.
f3 {[%clk 00:00:39]} {[%emt 00:00:09]} exf3 {[%clk 00:00:45]} {[%emt 00:00:31]}
23. Nxf3 {[%clk 00:00:31]} {[%emt 00:00:11]} h6 {[%clk 00:00:41]} {[%emt
00:00:06]} 24. Nd2 {[%clk 00:00:31]} {[%emt 00:00:02]} Ng4 {[%clk 00:00:29]}
{[%emt 00:00:13]} 25. Nf1 {[%clk 00:00:19]} {[%emt 00:00:14]} h5 {[%clk
00:00:19]} {[%emt 00:00:13]} 26. cxd5 {[%clk 00:00:19]} {[%emt 00:00:02]} cxd5
{[%clk 00:00:20]} {[%emt 00:00:01]} 27. Qd2 {[%clk 00:00:07]} {[%emt 00:00:14]}
Ndf6 {[%clk 00:00:16]} {[%emt 00:00:05]} 28. a4 {[%clk 00:00:08]} {[%emt
00:00:02]} Ne4 {[%clk 00:00:15]} {[%emt 00:00:02]} 29. Bxe4 {[%clk 00:00:08]}
{[%emt 00:00:02]} dxe4 {[%clk 00:00:16]} {[%emt 00:00:02]} 30. Nb5 {[%clk
00:00:04]} {[%emt 00:00:06]} Ba6 {[%clk 00:00:13]} {[%emt 00:00:06]} 31. Rab1
{[%clk 00:00:04]} {[%emt 00:00:01]} Bxb5 {[%clk 00:00:13]} {[%emt 00:00:02]} 32.
axb5 {[%clk 00:00:05]} h4 {[%clk 00:00:09]} {[%emt 00:00:06]} 33. Qg2 {[%clk
00:00:05]} {[%emt 00:00:02]} Qd7 {[%clk 00:00:05]} {[%emt 00:00:07]} 34. gxh4
{[%clk 00:00:05]} {[%emt 00:00:01]} f5 {[%clk 00:00:04]} {[%emt 00:00:03]} 35.
Ng3 {[%clk 00:00:05]} {[%emt 00:00:02]} f4 {[%emt 00:00:05]} 1-0

[Event "Turniej Blitza na II Lidze Juniorów 2018"]
[Site "Szczyrk, Poland"]
[Date "????.??.??"]
[Round "9.28"]
[White "Majewski, Krzysztof"]
[Black "Owoc, Jakub"]
[Result "0-1"]
[TimeControl "3'+2\""]
[WhiteElo "1323"]
[BlackElo "1556"]

1. e4 {[%clk 00:03:04]} c6 {[%clk 00:03:02]} {[%emt 00:00:02]} 2. d4 {[%clk
00:03:03]} {[%emt 00:00:03]} d5 {[%clk 00:03:03]} 3. exd5 {[%clk 00:03:04]}
{[%emt 00:00:01]} cxd5 {[%clk 00:03:04]} {[%emt 00:00:01]} 4. c4 {[%clk
00:03:05]} {[%emt 00:00:01]} e6 {[%clk 00:03:01]} {[%emt 00:00:05]} 5. Nc3
{[%clk 00:03:06]} {[%emt 00:00:01]} Bb4 {[%clk 00:03:02]} {[%emt 00:00:01]} 6.
Nf3 {[%clk 00:03:06]} {[%emt 00:00:03]} Nf6 {[%clk 00:03:02]} {[%emt 00:00:01]}
7. cxd5 {[%clk 00:03:07]} exd5 {[%clk 00:03:01]} {[%emt 00:00:03]} 8. Bd3
{[%clk 00:03:04]} {[%emt 00:00:04]} O-O {[%clk 00:03:00]} {[%emt 00:00:03]} 9.
O-O {[%clk 00:03:04]} {[%emt 00:00:02]} Nc6 {[%clk 00:03:00]} {[%emt 00:00:02]}
10. Bg5 {[%clk 00:03:03]} {[%emt 00:00:03]} Bg4 {[%emt 00:00:04]} 11. Be2
{[%clk 00:02:56]} {[%emt 00:00:07]} Be7 {[%clk 00:02:54]} {[%emt 00:00:07]} 12.
h3 {[%clk 00:02:53]} {[%emt 00:00:07]} Bf5 {[%clk 00:02:34]} {[%emt 00:00:22]}
13. Qb3 {[%clk 00:02:38]} {[%emt 00:00:16]} Na5 {[%clk 00:02:12]} {[%emt
00:00:24]} 14. Qb5 {[%clk 00:02:16]} {[%emt 00:00:22]} Bd7 {[%clk 00:02:10]}
{[%emt 00:00:05]} 15. Qd3 {[%clk 00:02:15]} {[%emt 00:00:04]} Nc4 {[%clk
00:02:08]} {[%emt 00:00:03]} 16. b3 {[%clk 00:02:15]} {[%emt 00:00:03]} Nb6
{[%clk 00:02:04]} {[%emt 00:00:06]} 17. Ne5 {[%clk 00:02:11]} {[%emt 00:00:06]}
Qc8 {[%clk 00:01:57]} {[%emt 00:00:09]} 18. Rac1 {[%clk 00:02:02]} {[%emt
00:00:11]} Bf5 {[%clk 00:01:54]} {[%emt 00:00:05]} 19. Qd2 {[%clk 00:01:57]}
{[%emt 00:00:07]} Qe6 {[%clk 00:01:47]} {[%emt 00:00:09]} 20. Bf3 {[%clk
00:01:43]} {[%emt 00:00:16]} Ne4 {[%clk 00:01:38]} {[%emt 00:00:11]} 21. Nxe4
{[%clk 00:01:42]} {[%emt 00:00:03]} dxe4 {[%clk 00:01:36]} {[%emt 00:00:04]} 22.
Bxe7 {[%clk 00:01:40]} {[%emt 00:00:04]} Qxe7 {[%clk 00:01:37]} {[%emt
00:00:01]} 23. Bg4 {[%clk 00:01:36]} {[%emt 00:00:06]} Bxg4 {[%clk 00:01:34]}
{[%emt 00:00:06]} 24. Nxg4 {[%clk 00:01:37]} {[%emt 00:00:01]} f5 {[%clk
00:01:30]} {[%emt 00:00:05]} 25. Ne5 {[%clk 00:01:33]} {[%emt 00:00:06]} Rad8
{[%clk 00:01:28]} {[%emt 00:00:04]} 26. Qe3 {[%clk 00:01:29]} {[%emt 00:00:07]}
Nd5 {[%clk 00:01:27]} {[%emt 00:00:02]} 27. Qe2 {[%clk 00:01:24]} {[%emt
00:00:05]} Nf4 {[%clk 00:01:28]} {[%emt 00:00:03]} 28. Qe3 {[%clk 00:01:25]}
{[%emt 00:00:02]} Nd5 {[%clk 00:01:21]} {[%emt 00:00:08]} 29. Qe2 {[%clk
00:01:26]} Qb4 {[%clk 00:01:18]} {[%emt 00:00:04]} 30. Rc4 {[%clk 00:01:23]}
{[%emt 00:00:06]} Qd6 {[%clk 00:01:09]} {[%emt 00:00:10]} 31. Rfc1 {[%clk
00:01:23]} {[%emt 00:00:02]} Nb6 {[%clk 00:00:55]} {[%emt 00:00:17]} 32. Rc7
{[%clk 00:01:12]} {[%emt 00:00:14]} Qxd4 {[%clk 00:00:54]} {[%emt 00:00:02]} 33.
Nc4 {[%clk 00:01:05]} {[%emt 00:00:09]} Nxc4 {[%clk 00:00:46]} {[%emt
00:00:10]} 34. Qxc4+ {[%clk 00:01:03]} {[%emt 00:00:04]} Qxc4 {[%clk 00:00:33]}
{[%emt 00:00:15]} 35. R1xc4 {[%clk 00:01:04]} {[%emt 00:00:02]} Rf7 {[%clk
00:00:33]} {[%emt 00:00:01]} 36. Rxf7 {[%clk 00:01:03]} {[%emt 00:00:03]} Kxf7
{[%clk 00:00:34]} {[%emt 00:00:01]} 37. Rc7+ {[%clk 00:01:04]} Kf6 {[%clk
00:00:34]} {[%emt 00:00:01]} 38. Rxb7 {[%clk 00:01:05]} {[%emt 00:00:02]} a5
{[%clk 00:00:33]} {[%emt 00:00:02]} 39. Ra7 {[%clk 00:01:04]} {[%emt 00:00:03]}
Rd5 {[%clk 00:00:34]} {[%emt 00:00:01]} 40. Kf1 {[%clk 00:01:05]} {[%emt
00:00:02]} h5 {[%clk 00:00:32]} {[%emt 00:00:05]} 41. Ke2 {[%clk 00:01:04]}
{[%emt 00:00:02]} g5 {[%clk 00:00:32]} {[%emt 00:00:02]} 42. Ra6+ {[%clk
00:01:05]} {[%emt 00:00:01]} Ke5 {[%clk 00:00:34]} 43. Rh6 {[%clk 00:00:57]}
{[%emt 00:00:11]} h4 {[%clk 00:00:30]} {[%emt 00:00:05]} 44. Rg6 {[%clk
00:00:56]} {[%emt 00:00:03]} Kf4 {[%clk 00:00:28]} {[%emt 00:00:05]} 45. Ra6
{[%clk 00:00:44]} {[%emt 00:00:13]} Rc5 {[%clk 00:00:29]} {[%emt 00:00:01]} 46.
Rd6 {[%clk 00:00:37]} {[%emt 00:00:09]} Re5 {[%clk 00:00:19]} {[%emt 00:00:11]}
47. Rd4 {[%clk 00:00:33]} {[%emt 00:00:09]} g4 {[%clk 00:00:12]} {[%emt
00:00:08]} 48. hxg4 {[%clk 00:00:29]} {[%emt 00:00:06]} fxg4 {[%clk 00:00:12]}
{[%emt 00:00:03]} 49. b4 {[%clk 00:00:26]} {[%emt 00:00:04]} axb4 {[%clk
00:00:12]} {[%emt 00:00:02]} 50. Rxb4 {[%clk 00:00:27]} {[%emt 00:00:01]} Ra5
{[%clk 00:00:14]} 51. a4 {[%clk 00:00:28]} g3 {[%clk 00:00:13]} {[%emt
00:00:03]} 52. f3 {[%clk 00:00:27]} {[%emt 00:00:04]} Rc5 {[%clk 00:00:05]}
{[%emt 00:00:09]} 53. Rxe4+ {[%clk 00:00:27]} {[%emt 00:00:02]} Kg5 {[%clk
00:00:07]} {[%emt 00:00:01]} 54. Rg4+ {[%clk 00:00:25]} {[%emt 00:00:04]} Kh5
{[%clk 00:00:08]} 55. Kd3 {[%clk 00:00:24]} {[%emt 00:00:01]} Rc1 {[%clk
00:00:07]} {[%emt 00:00:03]} 56. Ke4 {[%clk 00:00:21]} {[%emt 00:00:06]} Rc5
{[%clk 00:00:06]} {[%emt 00:00:03]} 57. Kd3 {[%clk 00:00:21]} {[%emt 00:00:03]}
Re5 {[%clk 00:00:05]} {[%emt 00:00:03]} 58. Re4 {[%clk 00:00:18]} {[%emt
00:00:05]} Rc5 {[%clk 00:00:05]} {[%emt 00:00:01]} 59. Re2 {[%clk 00:00:08]}
{[%emt 00:00:11]} Kg5 {[%clk 00:00:03]} {[%emt 00:00:05]} 60. Kd4 {[%clk
00:00:09]} {[%emt 00:00:01]} Ra5 {[%clk 00:00:04]} 61. Re5+ {[%clk 00:00:10]}
{[%emt 00:00:01]} Rxe5 {[%clk 00:00:05]} {[%emt 00:00:02]} 62. Kxe5 {[%clk
00:00:12]} {[%emt 00:00:01]} h3 {[%clk 00:00:06]} 63. a5 {[%clk 00:00:06]}
{[%emt 00:00:08]} hxg2 {[%emt 00:00:02]} 64. a6 {[%clk 00:00:07]} g1=Q {[%clk
00:00:07]} {[%emt 00:00:01]} 65. Ke4 {[%clk 00:00:08]} Qa7 {[%clk 00:00:08]} 66.
Kd3 {[%clk 00:00:10]} {[%emt 00:00:01]} Qxa6+ {[%clk 00:00:09]} {[%emt
00:00:01]} 67. Ke3 Qb6+ {[%clk 00:00:08]} {[%emt 00:00:02]} 68. Ke2 {[%clk
00:00:12]} {[%emt 00:00:01]} Qf2+ {[%clk 00:00:09]} 69. Kd3 {[%clk 00:00:13]}
Qxf3+ {[%emt 00:00:01]} 70. Kd2 {[%clk 00:00:14]} g2 {[%clk 00:00:12]} 71. Kc2
{[%clk 00:00:15]} g1=Q {[%clk 00:00:11]} {[%emt 00:00:03]} 72. Kd2 {[%clk
00:00:16]} Qgg2+ {[%clk 00:00:13]} {[%emt 00:00:01]} 73. Ke1 {[%clk 00:00:17]}
Qff1# {[%clk 00:00:14]} 0-1

[Event "Turniej Blitza na II Lidze Juniorów 2018"]
[Site "Szczyrk, Poland"]
[Date "????.??.??"]
[Round "9.57"]
[White "Jaworski, Tymon"]
[Black "Sleczka, Krzysztof"]
[Result "1-0"]
[TimeControl "3'+2\""]
[WhiteElo "1383"]
[BlackElo "1087"]

1. e4 {[%clk 00:03:03]} e5 {[%clk 00:03:04]} 2. Nf3 {[%clk 00:03:03]} {[%emt
00:00:02]} Nc6 {[%clk 00:03:06]} 3. c3 {[%clk 00:03:04]} {[%emt 00:00:02]} Nf6
{[%clk 00:03:03]} {[%emt 00:00:04]} 4. d4 {[%clk 00:03:05]} exd4 {[%clk
00:03:03]} {[%emt 00:00:03]} 5. e5 {[%clk 00:03:06]} {[%emt 00:00:01]} Ne4
{[%clk 00:02:41]} {[%emt 00:00:24]} 6. cxd4 {[%clk 00:02:52]} {[%emt 00:00:16]}
d5 {[%clk 00:02:24]} {[%emt 00:00:19]} 7. Nc3 {[%clk 00:02:41]} {[%emt
00:00:13]} Bb4 {[%clk 00:02:16]} {[%emt 00:00:10]} 8. Bd2 {[%clk 00:02:37]}
{[%emt 00:00:05]} Nxc3 {[%clk 00:01:51]} {[%emt 00:00:28]} 9. Bxc3 {[%clk
00:02:34]} {[%emt 00:00:05]} Bxc3+ {[%emt 00:00:03]} 10. bxc3 {[%clk 00:02:33]}
O-O {[%clk 00:01:43]} {[%emt 00:00:11]} 11. Bb5 {[%clk 00:02:32]} {[%emt
00:00:02]} Re8 {[%clk 00:01:37]} {[%emt 00:00:08]} 12. O-O {[%clk 00:02:31]}
{[%emt 00:00:03]} Bg4 {[%clk 00:01:29]} {[%emt 00:00:10]} 13. h3 {[%clk
00:02:29]} {[%emt 00:00:04]} Bh5 {[%clk 00:01:31]} 14. Bxc6 {[%clk 00:02:11]}
{[%emt 00:00:20]} bxc6 15. g4 {[%clk 00:02:11]} {[%emt 00:00:01]} Bg6 {[%clk
00:01:33]} {[%emt 00:00:02]} 16. Kh2 {[%clk 00:02:04]} {[%emt 00:00:08]} Be4
{[%clk 00:01:26]} {[%emt 00:00:10]} 17. Nd2 {[%clk 00:01:58]} {[%emt 00:00:07]}
Bd3 {[%clk 00:01:21]} {[%emt 00:00:07]} 18. Re1 {[%clk 00:01:55]} {[%emt
00:00:04]} Qh4 {[%clk 00:01:12]} {[%emt 00:00:11]} 19. Qf3 {[%emt 00:00:08]}
Ba6 {[%clk 00:00:54]} {[%emt 00:00:15]} 20. Qg3 {[%clk 00:01:47]} {[%emt
00:00:08]} Qxg3+ {[%clk 00:00:52]} {[%emt 00:00:06]} 21. Kxg3 {[%clk 00:01:48]}
{[%emt 00:00:02]} Rab8 {[%clk 00:00:52]} {[%emt 00:00:01]} 22. Rab1 {[%clk
00:01:47]} {[%emt 00:00:03]} Bd3 {[%clk 00:00:44]} {[%emt 00:00:09]} 23. Rxb8
{[%clk 00:01:42]} {[%emt 00:00:08]} Rxb8 {[%clk 00:00:46]} 24. Nb3 {[%clk
00:01:40]} {[%emt 00:00:04]} Bc4 {[%clk 00:00:39]} {[%emt 00:00:08]} 25. Na5
{[%clk 00:01:36]} {[%emt 00:00:05]} Bxa2 {[%clk 00:00:20]} {[%emt 00:00:22]} 26.
Nxc6 {[%clk 00:01:36]} {[%emt 00:00:03]} Rb7 {[%clk 00:00:14]} {[%emt
00:00:08]} 27. Ra1 {[%clk 00:01:34]} {[%emt 00:00:02]} Bc4 {[%clk 00:00:15]}
{[%emt 00:00:03]} 28. Rxa7 {[%clk 00:01:32]} {[%emt 00:00:04]} Rxa7 {[%emt
00:00:04]} 29. Nxa7 {[%clk 00:01:31]} {[%emt 00:00:01]} Kf8 {[%clk 00:00:15]}
{[%emt 00:00:02]} 30. Nc6 {[%clk 00:01:29]} {[%emt 00:00:03]} Ke8 {[%clk
00:00:13]} {[%emt 00:00:04]} 31. Na5 {[%clk 00:01:30]} {[%emt 00:00:02]} Bb5
{[%clk 00:00:10]} {[%emt 00:00:03]} 32. Kf4 {[%clk 00:01:28]} {[%emt 00:00:04]}
Ke7 {[%clk 00:00:11]} {[%emt 00:00:02]} 33. Nb7 {[%clk 00:01:24]} {[%emt
00:00:05]} Ba6 {[%clk 00:00:05]} {[%emt 00:00:09]} 34. Nc5 {[%clk 00:01:23]}
{[%emt 00:00:03]} Bc4 {[%clk 00:00:05]} {[%emt 00:00:02]} 35. Ke3 {[%clk
00:01:22]} {[%emt 00:00:03]} c6 {[%clk 00:00:04]} {[%emt 00:00:04]} 36. Nb7
{[%clk 00:01:19]} {[%emt 00:00:02]} Ba6 {[%clk 00:00:05]} {[%emt 00:00:03]} 37.
Nd6 {[%clk 00:01:19]} {[%emt 00:00:03]} Bb5 {[%emt 00:00:04]} 38. Nxb5 {[%emt
00:00:02]} cxb5 1-0

[Event "Turniej Blitza na II Lidze Juniorów 2018"]
[Site "Szczyrk, Poland"]
[Date "????.??.??"]
[Round "9.58"]
[White "Jedrzejewska, Zuzanna"]
[Black "Jaszczuk, Mateusz"]
[Result "1/2-1/2"]
[TimeControl "3'+2\""]
[WhiteElo "1194"]
[BlackElo "1351"]

1. e4 {[%clk 00:03:02]} c5 {[%emt 00:00:01]} 2. Nf3 d6 {[%emt 00:00:01]} 3. d4
{[%emt 00:00:01]} cxd4 {[%clk 00:03:03]} {[%emt 00:00:02]} 4. Nxd4 {[%clk
00:03:07]} {[%emt 00:00:01]} a6 {[%clk 00:03:04]} 5. Nc3 {[%clk 00:03:07]}
{[%emt 00:00:02]} Nc6 {[%clk 00:03:05]} 6. Nxc6 {[%clk 00:03:07]} {[%emt
00:00:03]} bxc6 {[%clk 00:03:05]} {[%emt 00:00:01]} 7. Be2 {[%clk 00:03:01]}
{[%emt 00:00:08]} g6 {[%emt 00:00:02]} 8. O-O {[%emt 00:00:03]} Bg7 {[%clk
00:03:06]} 9. f4 {[%clk 00:02:56]} {[%emt 00:00:07]} Nf6 {[%clk 00:03:04]}
{[%emt 00:00:05]} 10. e5 {[%clk 00:02:52]} {[%emt 00:00:06]} dxe5 {[%clk
00:03:01]} {[%emt 00:00:05]} 11. Qxd8+ {[%clk 00:02:51]} {[%emt 00:00:02]} Kxd8
{[%clk 00:03:02]} 12. fxe5 {[%emt 00:00:04]} Nd5 {[%emt 00:00:01]} 13. Nxd5
{[%emt 00:00:03]} cxd5 14. Rxf7 {[%clk 00:02:48]} {[%emt 00:00:06]} Bxe5 {[%clk
00:03:02]} 15. Bf3 {[%clk 00:02:47]} {[%emt 00:00:05]} Be6 {[%clk 00:03:02]}
{[%emt 00:00:02]} 16. Bxd5 {[%clk 00:02:42]} {[%emt 00:00:07]} Bxf7 {[%clk
00:02:59]} {[%emt 00:00:05]} 17. Bxa8 {[%clk 00:02:42]} {[%emt 00:00:02]} Kc7
{[%clk 00:02:48]} {[%emt 00:00:12]} 18. Be4 {[%clk 00:02:40]} {[%emt 00:00:04]}
Rb8 {[%clk 00:02:47]} 19. c3 {[%clk 00:02:40]} {[%emt 00:00:06]} Bd6 {[%clk
00:02:37]} {[%emt 00:00:12]} 20. Bd3 {[%clk 00:02:34]} {[%emt 00:00:08]} a5
{[%clk 00:02:33]} {[%emt 00:00:05]} 21. b3 {[%clk 00:02:31]} {[%emt 00:00:05]}
Be5 {[%emt 00:00:04]} 22. Bd2 Kd7 {[%clk 00:02:23]} {[%emt 00:00:10]} 23. Re1
{[%clk 00:02:31]} {[%emt 00:00:03]} Bf6 {[%clk 00:02:20]} {[%emt 00:00:06]} 24.
c4 {[%clk 00:02:26]} {[%emt 00:00:07]} Bd4+ {[%emt 00:00:14]} 25. Be3 {[%emt
00:00:08]} Bxe3+ {[%clk 00:02:07]} {[%emt 00:00:02]} 26. Rxe3 {[%clk 00:02:22]}
{[%emt 00:00:01]} Kd6 {[%clk 00:02:01]} {[%emt 00:00:07]} 27. Rh3 {[%clk
00:02:17]} {[%emt 00:00:08]} h5 {[%clk 00:01:58]} {[%emt 00:00:05]} 28. Rf3
{[%clk 00:02:15]} {[%emt 00:00:03]} Ke6 {[%clk 00:01:46]} {[%emt 00:00:14]} 29.
Re3+ {[%clk 00:02:12]} {[%emt 00:00:06]} Kf6 {[%clk 00:01:35]} {[%emt
00:00:12]} 30. Kf2 {[%clk 00:02:05]} {[%emt 00:00:10]} e5 {[%clk 00:01:34]}
{[%emt 00:00:03]} 31. Rf3+ {[%clk 00:02:00]} {[%emt 00:00:06]} Kg7 {[%clk
00:01:31]} {[%emt 00:00:05]} 32. Be4 {[%clk 00:02:01]} {[%emt 00:00:02]} Rb4
{[%clk 00:01:23]} {[%emt 00:00:09]} 33. Bc2 {[%clk 00:01:45]} {[%emt 00:00:18]}
a4 {[%clk 00:01:20]} {[%emt 00:00:05]} 34. Re3 {[%clk 00:01:45]} {[%emt
00:00:02]} Kf6 {[%clk 00:01:03]} {[%emt 00:00:19]} 35. Ke2 {[%clk 00:01:16]}
{[%emt 00:00:31]} Be6 {[%clk 00:00:55]} {[%emt 00:00:10]} 36. Kd2 {[%clk
00:01:10]} {[%emt 00:00:09]} axb3 {[%clk 00:00:52]} {[%emt 00:00:04]} 37. axb3
{[%clk 00:01:09]} {[%emt 00:00:03]} Bf5 {[%clk 00:00:51]} {[%emt 00:00:02]} 38.
Rf3 {[%clk 00:01:03]} {[%emt 00:00:10]} Rb8 {[%clk 00:00:45]} {[%emt 00:00:07]}
39. Kc3 {[%emt 00:00:07]} Re8 {[%emt 00:00:02]} 40. h3 {[%clk 00:00:49]} {[%emt
00:00:13]} Kg5 {[%clk 00:00:39]} {[%emt 00:00:07]} 41. Bxf5 {[%emt 00:00:15]}
gxf5 {[%emt 00:00:02]} 42. Rg3+ {[%clk 00:00:36]} {[%emt 00:00:02]} Kf4 {[%clk
00:00:37]} {[%emt 00:00:03]} 43. Rf3+ {[%clk 00:00:38]} Kg5 {[%clk 00:00:36]}
{[%emt 00:00:03]} 44. Kd2 {[%emt 00:00:10]} e4 {[%emt 00:00:02]} 45. Re3 {[%clk
00:00:31]} {[%emt 00:00:01]} f4 {[%clk 00:00:34]} {[%emt 00:00:03]} 46. Re1
{[%clk 00:00:32]} Kh4 {[%clk 00:00:27]} {[%emt 00:00:10]} 47. Ke2 {[%emt
00:00:02]} Kg3 {[%emt 00:00:02]} 48. Kf1 {[%clk 00:00:34]} e3 {[%clk 00:00:18]}
{[%emt 00:00:11]} 49. Re2 {[%clk 00:00:32]} {[%emt 00:00:04]} f3 {[%emt
00:00:02]} 50. gxf3 {[%emt 00:00:01]} Kxf3 {[%clk 00:00:19]} 51. Ke1 {[%clk
00:00:29]} {[%emt 00:00:06]} Kg3 {[%clk 00:00:17]} {[%emt 00:00:04]} 52. h4
{[%clk 00:00:24]} {[%emt 00:00:07]} Kxh4 {[%emt 00:00:06]} 53. Rh2+ Kg4 54. Ke2
{[%emt 00:00:01]} h4 {[%clk 00:00:14]} {[%emt 00:00:02]} 55. c5 {[%clk
00:00:23]} {[%emt 00:00:04]} Kg3 {[%clk 00:00:15]} {[%emt 00:00:01]} 56. Rh1
{[%clk 00:00:22]} {[%emt 00:00:03]} h3 {[%clk 00:00:13]} {[%emt 00:00:05]} 57.
Rg1+ {[%clk 00:00:20]} {[%emt 00:00:04]} Kf4 {[%clk 00:00:03]} {[%emt
00:00:12]} 58. Rh1 {[%clk 00:00:20]} {[%emt 00:00:02]} Rh8 59. b4 {[%emt
00:00:02]} Ke4 60. Rd1 {[%emt 00:00:03]} h2 {[%clk 00:00:08]} 61. Rh1 {[%clk
00:00:20]} Kd4 {[%clk 00:00:09]} {[%emt 00:00:01]} 62. c6 {[%emt 00:00:04]} Rc8
{[%clk 00:00:08]} {[%emt 00:00:01]} 63. b5 {[%emt 00:00:04]} Kc5 64. Rxh2
{[%clk 00:00:20]} {[%emt 00:00:01]} Kxb5 {[%clk 00:00:10]} 65. Kxe3 Rxc6 {[%clk
00:00:11]} 66. Rb2+ {[%clk 00:00:22]} {[%emt 00:00:01]} Ka4 67. Ra2+ {[%emt
00:00:03]} Kb3 {[%clk 00:00:13]} {[%emt 00:00:01]} 68. Rd2 {[%clk 00:00:22]}
{[%emt 00:00:02]} Rc8 {[%clk 00:00:14]} {[%emt 00:00:01]} 69. Rd3+ {[%clk
00:00:22]} {[%emt 00:00:02]} Kb2 {[%clk 00:00:14]} 70. Kd4 {[%clk 00:00:22]}
{[%emt 00:00:02]} Kb3 1/2-1/2